000 00518nam a22001697a 4500
999 _c8941
_d8941
008 210305b ||||| |||| 00| 0 eng d
040 _aBMS College of Architecture
100 _aK, Nikita
245 _aNeighbourhood recreation center at Hebbal
300 _aNA
500 _a1BM08AT027
502 _8B.Arch
_NBMS College of Architecture, Visvesvaraya Technological University (VTU)
_aProject report
_d2013
650 _aHebbal
700 _aVaseem A S
_eGuide
700 _aSathish S Rao
_eGuide
942 _2ddc
_cTHE